[Event "GER-chT U10"]
[Site "Magdeburg"]
[Date "2016.12.28"]
[Round "4.3"]
[White "Geiser, Lennard"]
[Black "Graf, Micha"]
[Result "1-0"]
[WhiteElo "600"]
[BlackElo "600"]
[PlyCount "61"]
[EventDate "2016.12.27"]
[EventType "team-swiss"]
[EventRounds "7"]
[EventCountry "GER"]
[SourceTitle "EXT 2018"]
[Source "ChessBase"]
[SourceDate "2017.10.13"]
[SourceVersion "1"]
[SourceVersionDate "2017.10.13"]
[SourceQuality "1"]
[WhiteTeam "Berlin Nord Ost II"]
[BlackTeam "Hemer"]
[WhiteTeamCountry "GER"]
[BlackTeamCountry "GER"]

1. e4 e5 2. Nf3 Nf6 3. Nc3 Bc5 4. Bc4 0-0 5. d3 d5 6. Bg5 Bg4 7. h3 Bc8 8. 0-0 Nc6 9. exd5 Nxd5 10. Bxd5 Nd4 11. Bxd8 Rxd8 12. Nxe5 Rxd5 13. Nxd5 Be6 14. Nf4 h6 15. Nxe6 fxe6 16. Nd7 Rd8 17. Nxc5 e5 18. Nxb7 Rb8 19. c3 Nf3+ 20. Qxf3 Rxb7 21. Qxb7 c5 22. Qxa7 g5 23. Qxc5 e4 24. dxe4 Kg7 25. Qc6 Kh7 26. Rad1 h5 27. e5 Kg8 28. e6 Kf8 29. Qd7 g4 30. e7+ Kg8 31. e8R# 1-0